LEADER 01080nam a2200265 i 4500 001 000000039499 003 CaOOAMICUS 005 20110916000000.0 008 110916s1981 it u000 u ita u 013 $a10236 040 $aSeMil$bita 100 1 $aAldred, Cyril.$0(OLS)http://semarc/name/18689 245 12$aL'Egitto del crepuscolo :$bda Tanis a Meroe (1070 a.C. 4. secolo d.C.) /$cCyril Aldred ... [et al.]. 260 $aMilano :$bRizzoli,$c1981. 300 $a336 p. :$bill., [1] pieghevole di carte geogr. ;$c28 cm. 490 0 $aIl mondo della figura 500 $aFondo Ciprandi. 650 4$aArte egizia.$0(OLS)http://semarc/subject/7929 830 3$aIl mondo della figura.$0(OLS)http://semarc/title/34279 850 $aSeMil 852 $aSeMil$W1$xVenegono$y1$m5N VI 46$j5654$B5654$CSeMilBibl$Z2$F5654 $81 941 1 $a1 961 $aOmaggio: Ciprandi dott. Paolo 996 $6245$aL'Egitto del crepuscolo :$bda Tanis a Meroe (1070 a.C. 4. secolo d.C.)$9(OLS)http://semarc/title/56282 996 $6260$aMilano :$bRizzoli$9(OLS)http://semarc/publisher/29824 LEADER 01261nam a2200253 i 4500 001 000000182242 003 CaOOAMICUS 005 20091016000000.0 008 091016s1951 be u000 u ger u 013 $a160181 040 $aSeMil$bita 100 1 $aGraf, Georg,$d<1875-1955>.$0(OLS)http://semarc/name/31813 245 14$aDie schriften des Jacobiten habibib ibn Hidma Abu Ra'ita /$cUbersetzt von Georg Graf. 260 $aLouvain :$bImprimerie Orientaliste,$c1951. 300 $aXXX, 207 p. ;$c25 cm. 490 0 $aCorpus Scriptorum Christianorum Orientalium ;$v131. Scriptores Arabici ; 15 490 0 $aCorpus Scriptorum Christianorum Orientalium. Scriptores Arabici ;$vTome15 830 0$aCorpus Scriptorum Christianorum Orientalium ;$v131. Scriptores Arabici ; 15.$0(OLS)http://semarc/title/77 830 0$aCorpus Scriptorum Christianorum Orientalium. Scriptores Arabici ;$vTome15.$0(OLS)http://semarc/title/29265 850 $aSeMil 852 $aSeMil$W1$xVenegono$y1$m2S III 131$j132946$B132946$CSeMilBibl$Z2$F144741 $81 961 $aOmaggio: Altro 996 $6245$aDie schriften des Jacobiten habibib ibn Hidma Abu Ra'ita$9(OLS)http://semarc/title/261539 996 $6260$aLouvain :$bImprimerie Orientaliste$9(OLS)http://semarc/publisher/35644